Przyporządkuj powiat województwa śląskiego do rejestracji - Statystyki

Ogólne statystyki
  • Ten quiz został rozwiązany 15 razy
  • Średni wynik to 24 z 36
Odpowiedzi na mapie
Odpowiedzi zakodowano w zielono-czerwonej skali na mapie do tego quizu, zgodnie z poniższymi procentami.
 
Statystyki odpowiedzi
Odpowiedź % Poprawnych
SK
93%
SZA
87%
SCZ
80%
SGL
80%
SKL
80%
SPS
80%
SZY
80%
SC
73%
SCI
73%
SG
73%
SLU
73%
SRC
73%
ST
73%
STA
73%
SWD / SWZ
73%
SB
67%
SBE
67%
SBI
67%
SD
67%
SO
67%
SBL
60%
SH
60%
SJZ
60%
SMI
60%
SR
60%
SRB
60%
SZ
60%
SI
53%
SJ
53%
SM
53%
SMY
53%
SY
53%
SZO
53%
SPI
47%
SW
47%
SL
40%
Nie znaleziono quizów pasujących do podanych kryteriów
Rozkład punktacji
Procent ludzi z każdym wynikiem
Percentyl według liczby udzielonych odpowiedzi
Twoja historia wyników
Nie rozwiązałeś tego quizu